000 00704nam a2200217Ia 4500
003 GCL
008 140319s9999 xx 000 0 ara d
040 _aGCL /
_cGCL
082 0 4 _a810.9
_bس س
100 1 _aحسين الواد
245 1 0 _aسيرة الغائب سيرة الاتى السيرة الذاتية فى كتاب الايام لطه حسين . /
_cحسين الواد
700 1 _aشكرى الميخوت
260 _a[S.N] :
_bدار الجنوب للنشر ،
_c1980
300 _a165 ص
490 _aمفاتيح
_v0
650 0 4 _aالادب العربى
650 0 4 _aالعصر الحديث
650 0 4 _aطه حسين
650 0 4 _aتاريخ ونقد
942 _2ddc
_cBK
999 _c35898
_d35898